| 000 | 00680cab a2200205 4500 | ||
|---|---|---|---|
| 001 | ABS42401 | ||
| 008 | 090401t1990 xxu||||| |||| 00| 0 eng d | ||
| 035 | _a(Sirsi) u36581 | ||
| 041 | _aeng | ||
| 100 | _aVan den Bos, J. | ||
| 245 | _aBrussels balancing act | ||
| 260 | _c1990 | ||
| 350 | _a0 | ||
| 490 |
_aWorld Property _vMarch 1990, 23-27(5) |
||
| 520 | _aReviews commercial property in Belgium `s capital Brussels where rents have lagged behind other cities but capital values have rocketed. Includes a graph of prime office rents and a brief look at the market in Antwerp . | ||
| 650 | _aOFFICES | ||
| 690 | _aOVERSEAS-EUROPE | ||
| 942 | _n0 | ||
| 948 | _c04/03/1997 | ||
| 999 |
_c23705 _d23705 |
||